| 000 | 01062nas a2200325 4500 | ||
|---|---|---|---|
| 001 | BR2014002320 | ||
| 003 | BR-BrBNA | ||
| 005 | 20231205123911.0 | ||
| 007 | ta | ||
| 008 | 230509b bl.|||p| |||| 00| 00por d | ||
| 040 |
_aBR-BrBNA _bpor _cBiblioteca Nacional de Agricultura |
||
| 041 | _a(En) | ||
| 072 | _aL51 | ||
| 100 | 1 | _aConeglian, S.M. | |
| 100 | 1 | _aBranco, A.F. | |
| 100 | 1 | _aGuimarães, K.C. | |
| 100 | 1 | _aMano, D.S. | |
| 100 | 1 | _aBarreto, J.C. | |
| 100 | 1 | _aFávaro, V.R. | |
| 245 | 1 | _aReplacement of dicalcium phosphate by rock phosphate in cattle diets: nutrients digestibility, plasma parameters, ruminal fermentation and microbial synthesis efficiency | |
| 650 | _aBOVINO | ||
| 650 | _aDIETA | ||
| 650 | _aFERMENTAÇÃO | ||
| 650 | _aRÚMEN | ||
| 650 | _aDIGESTIBILIDADE | ||
| 773 | 0 |
_tRevista Brasileira de Zootecnia (Brazil) _xISSN 1806-9290 _g(Apr 2010), v. 39(4) p. 815-823 _wBR2014002320 |
|
| 856 | 4 | 0 | _uhttp://www.scielo.br/pdf/rbz/v39n4/v39n4a17.pdf |
| 909 |
_a202311 _bLúcia _c55 _dLúcia Elande |
||
| 942 |
_2AGRIS _n0 _cANA |
||
| 999 |
_c236277 _d236277 |
||